000 00324nam a22001217a 4500
003 SGT
082 _a891.4309
_bM21S
100 _aश्रीधर, विजयदत्त
245 _aमिण्टो हाल
260 _bस्प्रे संग्रहालय
_c2021
300 _a161
942 _2ddc
_cBK
999 _c31244
_d31244